000 01505nam a2200325Ia 4500
001 Z_6718
003 CHAP
008 220113s9999 xx 000 0 und d
010 _a169990
020 _a978-1-4557-4580-7 (edición original) \ 978-84-9022-844-9 (versión impresa) \ 978-84-9022-845-6 (versión electrónica)
040 _cCHAP
082 _a574.192 B567
245 _aBioquímica médica /
_c[editores] John W. Baynes y Marek H. Dominiczak
250 _a4a ed.
260 _aEspaña :
_bElsevier,
_c
300 _ax, 636 p.
500 _aTraducción de la obra en inglés: Medical biochemistry \ Con acceso a StudentConsult: Es compatible con PC, Mac, dispositivos móviles y lectores de libros electrónicos. Te permite acceder al contenido completo de la obra, hacer consultas y búsquedas, y disfrutar de este título de un modo interactivo, tanto en línea como sin conexión. Los contenidos de StudentConsult.com están integramente en inglés.
503 _aej.1: consumo \ ej.2: consumo \ ej.3: consumo \ ej.4: consumo \ ej.5: consumo \ ej.6: consumo \ ej.7: consumo \ ej.8: consumo \ ej.9: consumo \ ej.10: consumo
504 _aIncluye bibliografía al final de cada capítulo
650 _aBioquímica
_912849
650 _aBioquímica clínica
_9145720
700 _a Dominiczak, Marek H., ed.
_9145721
700 _aBaynes, John W., ed.
_9145722
901 _a574.192 B567
902 _aA
910 _a
942 _c1
942 _cc1
999 _c169990
_d169990